Annual report: 2009-10 (Truth called them differently) (Record no. 503719)

000 -LEADER
fixed length control field 00350cam a22001097a 4500
008 - FIXED-LENGTH DATA ELEMENTS--GENERAL INFORMATION
fixed length control field 180718b2010 xxu||||| |||| 00| 0 eng d
082 ## - DEWEY DECIMAL CLASSIFICATION NUMBER
Classification number A99 G151/2009-10
100 ## - MAIN ENTRY--PERSONAL NAME
Personal name Gandhi smriti and darshan samiti
245 ## - TITLE STATEMENT
Title Annual report: 2009-10 (Truth called them differently)
260 ## - PUBLICATION, DISTRIBUTION, ETC.
Place of publication, distribution, etc. New Delhi
Name of publisher, distributor, etc. Gandhi smriti and darshan samiti
Date of publication, distribution, etc. 2010
300 ## - PHYSICAL DESCRIPTION
Extent 260p.
Holdings
Withdrawn status Lost status Damaged status Not for loan Permanent Location Current Location Date acquired Full call number Barcode Date last seen Price effective from Koha item type
        Indian Institute of Public Administration Indian Institute of Public Administration 2018-08-04 A99 G151/2009-10 GG32905 2018-08-04 2018-08-04 GG

Powered by Koha